000 00744nam a2200265Ia 4500
999 _c4547
_d4547
001 332
003 GBCCL
005 20241126110520.0
008 811117s1957 xx 00010 eng d
020 _a0847404501
035 _aOCM07934857 820116
040 _aMSB
_cMSB
_dLBB
049 _aLBBK
082 _a227.94
_bEPP
092 _bEPP
092 _a227.9407
_bE64
100 1 0 _aEpp, Thedore H.
_98419
245 1 0 _aTests of life
_bstudies in the general epistles of John /
_cby Thedore H. Epp.
260 0 _aLincoln, Ne. :
_bBack to the Bible,
_c1957.
300 _a126 p. ;
_c17 cm.
630 0 0 _aBible.
_pN.T.
_xI John.
_98420
630 0 0 _aBible.
_pN.T.
_xII John.
_98421
630 0 0 _aBible.
_pN.T.
_xIII John.
_98422
942 _2ddc
_cBK
_01